000 01181nam2a2200253 4500
001 RU\NLR\BIBL_A\016216726
005 20221208111651.0
010 _a978-5-4446-1681-9
_950
021 _aRU
_bКН-П-22-075007
_9КН-П-22-6540
035 _a(NLR Aleph) 016216726
090 _a12724799
_c12724799
100 _a20221124d2022 u y0rusy50 ca
101 0 _arus
102 _aRU
105 _aac z 000zy
200 0 _a...в 2021 году
205 _a[Офиц. изд.]
210 _d2022
215 _a145 с.
_cил., портр., табл.
461 0 _1001RU\NLR\BIBL_A\010305741
_12001#$aДоклад о соблюдении прав человека в Воронежской области...$fУполномоч. по правам человека в Воронеж. обл.$v...в 2021 году
_910616309
_cВоронеж
_d2012
_fУполномоч. по правам человека в Воронеж. обл.
_nНаучная книга
_tДоклад о соблюдении прав человека в Воронежской области...
_v...в 2021 году
942 _cBOOK
980 _aNB